El comercio justo: entre la institucionalización y la confianza /

Guardat en:
Dades bibliogràfiques
Autor principal: Doppler, Flurina
Altres autors: González, Alma Amalia
Format: Text
Matèries:
Etiquetes: Afegir etiqueta
Sense etiquetes, Sigues el primer a etiquetar aquest registre!

MARC

LEADER 00000 a a2200000 04500
001 42538
003
040
100 |a Doppler, Flurina  
245 |a El comercio justo:   |b entre la institucionalización y la confianza /  |c Flurina Doppler; Alma Amalia González  
650 |a COMERCIO  
650 |a MERCADOS  
650 |a CAFE  
650 |a MEXICO  
700 |a González, Alma Amalia  
773 |g volumen38, número149 ( , 2007), páginas 181-202  
999 |c 31603  |d 31603